Statistics for Countries In French

Click here to take the quiz!

General Stats

  • This quiz has been taken 26 times
  • The average score is 13 of 15

Answer Stats

Country (English)French% Correct
CanadaCanada
100%
PanamaPanama
95%
AustraliaAustralie
90%
CroatiaCroatie
90%
FinlandFinlande
90%
IndiaInde
90%
NorwayNorvège
90%
BrazilBrésil
85%
DenmarkDanemark
85%
FijiFidji
85%
New ZealandNouvelle-Zélande
85%
SwedenSuède
85%
IcelandIslande
80%
San MarinoSaint Marin
80%
Vatican CityCité du Vatican
55%

Score Distribution

Percentile by Number Answered

Percent of People with Each Score

Your Score History

You have not taken this quiz